000 00522nam a2200181 a 4500
005 20140310182405.0
008 970101s19uu xx 00 eng d
020 _a0307155579
050 _aPZ 7
_b.J13625Rg 1955
100 _aJackson, Kathryn
245 _aRichard Scarry's A story a day :
_b365 stories and ryhmes /
_cKatherine Jacson.
260 _aNew York :
_bA Golden book,
_c1955.
300 _a236 p. :
_bcol. ill. ;
_c28 cm.
650 _aShort stories
650 _aRyhmes
942 _cBK
_2lcc
999 _c12680
_d12680